000 01912cam a2200409 a 4500
001 sjdsz9mscp b5812500
003 sjds
005 20240204192502.0
007 ta
008 040913t19971989mx ab c 000 0 spa d
020 _a7509965881127
024 _2UPC
_a7509965881127
035 _a(LaserQuest)0395789125
035 _a(KToSCC)CCE00202031
040 _aKToSCC
_beng
_csjds
041 _aspa
082 1 4 _a333.7
_213
092 _aJ 333.7 ZAK
100 1 _aZak, Monica,
_d1939-
_0https://id.loc.gov/authorities/names/n85094873.
245 1 0 _aSalven mi selva /
_c[por] Monica Zak ; ilustraciones [de] Bengt-Arne Runnerstrom [y otros].
264 1 _aMexico :
_bSitesa,
_c1989
300 _a30 pages :
_billustrations (some color), maps (some color) ;
336 _atext
_btxt
_2rdacontent.
337 _aunmediated
_bn
_2rdamedia.
338 _avolume
_bnc
_2rdacarrier.
500 _aEnglish title: Save my rainforest.
505 0 _aSalven mi selva -- Las selvas tropicales de las Americas -- Que crece en las selvas? -- Destruccion de las selvas -- Los rastros de la lucha -- La limpieza del aire -- Ternura.
520 _aContains the true story about eight-year-old Omar Castillo who fulfills his dream of visiting the endangered rain forest of southern Mexico and wins an audience with the president of Mexico to express his concern. Includes six more short writings about the destruction of rainforests.
521 2 _a3-7.
521 0 _a4.
600 1 0 _aCastillo, Omar,
_d1958-
_0https://id.loc.gov/authorities/names/n88050690.
650 0 _aRain forests
_zMexico.
_0https://id.loc.gov/authorities/subjects/sh97006574.
650 0 _aConservation of natural resources.
_0https://id.loc.gov/authorities/subjects/sh85031255.
650 0 _aSpanish language materials.
700 1 _aRunnerstrom, Bengt Arne,
_0https://id.loc.gov/authorities/names/n91109002
_eillustrator.
942 _cBK
999 _c28043
_d28043